Στην καρδιά της Κούβας
Saved in:
| Main Author: | |
|---|---|
| Format: | Book |
| Language: | Greek French |
| Published: |
Αθήνα :
Μεταίχμιο,
2008.
|
| Series: | Ξένη λογοτεχνία (Μεταίχμιο)
|
| Subjects: | |
| Tags: |
Add Tag
No Tags, Be the first to tag this record!
|
MARC
| LEADER | 00000cam a2200000 i 4500 | ||
|---|---|---|---|
| 001 | 1/2592 | ||
| 008 | 091218s2008 gr | ||| |||| ||gre|| | ||
| 020 | |a 9789604553679 | ||
| 035 | |l 10106073 | ||
| 040 | |a GR-MY-UA |b gre |e aacr | ||
| 041 | 1 | |a gre |h fre | |
| 082 | 0 | |a 863 |2 (22) | |
| 100 | 1 | |a Gutierrez, Pedro Juan, |d 1950- | |
| 245 | 1 | 0 | |a Στην καρδιά της Κούβας / |c Πέδρο χουάν Γκουτιέρες ; μετάφραση Κλεοπάτρα Ελαιοτριβιάρη. |
| 260 | |a Αθήνα : |b Μεταίχμιο, |c 2008. | ||
| 300 | |a 374 σ. ; |c 20 εκ. | ||
| 490 | 1 | |a (Ξένη λογοτεχνία) | |
| 500 | |a Τίτλος πρωτοτύπου: El delirio de Cuba | ||
| 650 | 0 | 0 | |a Adventure stories. |
| 650 | 0 | 0 | |a Cuban fiction. |
| 830 | 0 | |a Ξένη λογοτεχνία (Μεταίχμιο) | |
| 852 | |a INST |b SAMOS |e 20091218 |h 863 GUT |p 005300031079 |q 005300031079 |t BK |y 0 | ||
| 901 | |a BIBL3-2009-3 | ||
| 909 | |a Σ |b 158325 | ||
| 970 | |a ΣΙΤΖΙΜΗ |b ΓΙΑΣΕΜΗ |z 2009/12/18 | ||